| 000 | 00531nam a2200181Ia 4500 | ||
|---|---|---|---|
| 999 |
_c37477 _d37477 |
||
| 003 | OSt | ||
| 005 | 20200930113051.0 | ||
| 008 | 190216s9999||||xx |||||||||||||| ||und|| | ||
| 020 | _a97893800108544 | ||
| 040 | _coclc | ||
| 082 |
_a612 _bCLA/A |
||
| 100 |
_aClark, Robert K _95189 |
||
| 245 | 0 |
_aAnatomy And Physiology : _bUnderstanding The Human Body / _cRobert K Clark |
|
| 260 |
_bJonesand Bartlett, _c2010. _aBoston: |
||
| 300 | _a474p | ||
| 650 | _aZoology | ||
| 942 |
_cBK _2ddc _h612 _iCLA/A _k612 _mCLA/A |
||